Sports Quiz

Random Sports or Soccer Quiz

Top 30 British Isles Premier League Appearance Makers Quiz Stats

 Plays Quiz not verified by Sporcle

Score 0/30 Timer 05:00
0 Plays Today
Clubs - Nation Name % Correct
Manchester United - WalesRyan Giggs
98.7%
Liverpool - EnglandSteven Gerrard
95.6%
West Ham United, Chelsea, Manchester City - EnglandFrank Lampard
95.5%
Chelsea - EnglandJohn Terry
90%
Everton, Manchester United - EnglandWayne Rooney
89.7%
Manchester United - EnglandPaul Scholes
88.4%
Aston Villa, Manchester City, Everton, West Bromwich Albion - EnglandGareth Barry
85.5%
Liverpool - EnglandJamie Carragher
85.5%
West Ham United, Leeds United, Manchester United, Queens Park Rangers - EnglandRio Ferdinand
84.5%
Manchester United, Everton - EnglandPhil Neville
82.4%
Leeds United, Newcastle United, Aston Villa, Manchester City, Liverpool - EnglandJames Milner
82.1%
Blackburn Rovers, Newcastle United - EnglandAlan Shearer
82.1%
Newcastle United, Manchester United, Blackburn Rovers, Fulham, Manchester City, Portsmouth, Sunderland - EnglandAndrew Cole
75.3%
Leeds United, Everton, Newcastle United, Bolton Wanderers - WalesGary Speed
74.4%
Tottenham Hotspur, Aston Villa, Southampton, Liverpool, Portsmouth, Stoke City, Burnley - EnglandPeter Crouch
74.2%
Clubs - Nation Name % Correct
Charlton Athletic, West Ham United, Tottenham Hotspur, Portsmouth, Sunderland, AFC Bournemouth - EnglandJermain Defoe
73.5%
West Ham United, Tottenham Hotspur, Manchester United - EnglandMichael Carrick
71.1%
Liverpool, Aston Villa, West Ham United, Manchester City, Portsmouth - EnglandDavid James
70.6%
Manchester United, Sunderland - IrelandJohn O'Shea
68.9%
Tottenham Hotspur, Arsenal, Portsmouth, Newcastle United - EnglandSol Campbell
68.1%
Leicester City, Liverpool, Birmingham City, Wigan Athletic, Aston Villa - EnglandEmile Heskey
66.5%
Nottingham Forest, Tottenham Hotspur, Manchester United, Portsmouth, West Ham United - EnglandTeddy Sheringham
64.7%
Wigan Athletic, Everton - EnglandLeighton Baines
61.3%
Manchester United, Newcastle United, Birmingham City - EnglandNicky Butt
60.5%
Blackburn Rovers, Newcastle United, Manchester City, Aston Villa, Stoke City - IrelandShay Given
53.5%
Everton, Manchester City, Aston Villa, Queens Park Rangers - IrelandRichard Dunne
50.6%
Southampton, Blackburn Rovers, Bolton Wanderers - EnglandKevin Davies
46.5%
Liverpool, Charlton Athletic, Tottenham Hotspur, Fulham - EnglandDanny Murphy
44%
Newcastle United, Aston Villa, Fulham - Northern IrelandAaron Hughes
41.9%
Crystal Palace, Aston Villa, Middlesbrough - EnglandGareth Southgate
36.9%

You're not logged in!

Compare scores with friends on all Sporcle quizzes.
OR
Log In

Sporcle TV

Today on Sporcle TV


Watch our educational content, quiz creation guides, and fun videos on Sporcle TV.

Show Comments

Extras

Top Quizzes Today


Score Distribution

Your Account Isn't Verified!

In order to create a playlist on Sporcle, you need to verify the email address you used during registration. Go to your Sporcle Settings to finish the process.

Report this User

Report this user for behavior that violates our Community Guidelines.

Details: